1718 1943 1068 1084 1811 1972 1778 1597 1162 1056 1114 1666 1851 1486 1949 1925 1876 1433 1969 1869 1086 1760 1663 1692 1183 1507 1916 1071 1781 1654 1360 1395 1445 1180 1345 1193 1889 1296 1311 1377 1737 1792 1056 1419 1420 1566 1651 1016 1790 1511 1246 1566 1658 1687 1851 1463 1949 1239 1117 1843 1731 1318 1370 1479 1532 1294 1694 1914 1724 1319 1664 1161 1037 1617 1059 1692 1869 1172 1344 1398 1641 1654 1554 1685 1167 1852 1787 1443 1415 1979 1520 1265 1680 1627 1089 1901 1718 1063 1122 BCNSPRNW ULIB Ver.6.0+V

เปลี่ยนเป็นภาษาไทย

Change to English
 แสดงรายละเอียดบรรณานุกรม
  กลับหน้าหลัก

Brief Record : Get Marc (ISO 2709) : E-mail record : QR code < ปิดหน้าต่าง
LEADER : 00000nam 2200000uu 4500
001    13399121375
003     ULIB
008    121116s2550||||th 000 0 tha d
020    ^a9789747035841
050  4 ^aK7885^bช587ก
100 0  ^aชีวธันย์ ญาณากรสกุล
245 00 ^aก๊อบปี้ ตัดต่อ แปลงไฟล์ CD/DVD /^cชีวธันย์ ญาณากรสกุล
260    ^aกรุงเทพฯ :^bอี เอ็กซ์พี มีเดียว,^c2550
300    ^a271 หน้า :^bภาพประกอบ
650  7 ^aCD^xการตัดต่อ
650  7 ^aDVD^xการตัดต่อ
945    ^p139^l0^i15081
995    ^aวิภา
999 ^a ทศพร
รายการนี้ยังไม่มีแท็ก
คุณยังไม่ได้ล็อกอิน คุณสามารถมีกิจกรรมร่วมกับเว็บไซต์ได้ แต่ต้องล็อกอินก่อน ::
  ล็อกอิน

รายการสื่อสารสนเทศ

ลำดับที่ ประเภท เลขเรียก/บาร์โค้ด สถานที่ สถานะ
1. การศึกษาทั่วไป
การศึกษาทั่วไป
K7885 ช587ก  
  Barcode: 15081
ห้องสมุดวิทยาเขตสวรรค์ประชารักษ์
►หนังสือทั่วไป
บนชั้น

รายการใกล้เคียง
    ผู้แต่ง [ชีวธันย์ ญาณากรสกุล]

BibComment


ยังไม่เคยถูกคอมเมนท์

คอมเมนท์ทรัพยากรรายการนี้
  คอมเมนท์: ก๊อบปี้ ตัดต่อ แ..


 Copyright 2026. Bcnsprnw @Library